Tréningový kurz systematického predaja. Informácie pre externých predajcov.

Zostavenie inzerátu na voľné miesta. Ako upútať a natrvalo získať zákazníka. Význam obalu. Dôležitosť pravidelnej kontroly servisu v obchodných prevádzkach. Ako sa naučiť sebavedomiu. Ako viesť rozhovory na veľtrhoch.

Salvato in:
Dettagli Bibliografici
Natura: Capitolo di libro
Lingua:ceco
Soggetti:
Tags: Aggiungi Tag
Nessun Tag, puoi essere il primo ad aggiungerne!!

MARC

LEADER 00000naa a2200000 4500
001 r012360
005 20220826094840.4
041 0 |a cze 
044 |a SK 
245 1 0 |a Tréningový kurz systematického predaja.  |b Informácie pre externých predajcov. 
520 |a Zostavenie inzerátu na voľné miesta. Ako upútať a natrvalo získať zákazníka. Význam obalu. Dôležitosť pravidelnej kontroly servisu v obchodných prevádzkach. Ako sa naučiť sebavedomiu. Ako viesť rozhovory na veľtrhoch. 
610 2 0 |a predaj 
610 2 0 |a miesta voľné 
610 2 0 |a inzercia 
610 2 0 |a spotrebitelia 
610 2 0 |a obaly